| 000 | 00617cam a2200241ua 4500 | ||
|---|---|---|---|
| 020 |
_a81-224-1185-1 _c185.00 |
||
| 041 |
_aeng _h |
||
| 082 |
_a621.815 _bNAR/MA |
||
| 100 | _aNarayana, K.L . | ||
| 245 |
_aMachine drawing / _cK.L.Narayana. _hTextual Documents |
||
| 250 |
_a2 / _b. |
||
| 260 |
_aNew Delhi : _bNew Age International Ltd , _c1999. |
||
| 300 | _a411 ; . | ||
| 365 | _a185.00 | ||
| 500 | _a20182 A, 20183 A-Scheme | ||
| 504 | _a | ||
| 700 | 1 | _aKannaiah, P . | |
| 700 | 1 | _aVenkata Reddy, K . | |
| 942 | _cBK | ||
| 999 |
_c10313 _d10313 |
||